| 000 | 00657nam a2200181 a 4500 | ||
|---|---|---|---|
| 001 | 000035253 | ||
| 005 | 20200930074216.0 | ||
| 008 | 111026s1961 ag a 000 0 spa d | ||
| 040 |
_aDO-SdBNP _bspa _cBNPHU |
||
| 100 | 1 |
_aKuhn, Herbert _961005 |
|
| 245 | 1 | 3 |
_aEl despertar de la humanidad. / _cHerbert Kuhn; traducción Federico Friele. |
| 260 |
_aBuenos Aires, : _bCompañía general fabril editora, _c1961. |
||
| 300 |
_a273 p. : _bil. ; _c20 cm. |
||
| 490 | 1 | _aColección experiencia | |
| 590 | _aPerteneció a la biblioteca personal de Juan Isidro Jimenes Grullón | ||
| 700 | 1 |
_aFriele, Federico _etrad. _961006 |
|
| 830 | 0 |
_aColección experiencia _961007 |
|
| 999 |
_c34744 _d34744 |
||